Research into higher planning fees (Record no. 116990)
[ view plain ]
| 000 -LEADER | |
|---|---|
| fixed length control field | 00952cam a2200193 4500 |
| 001 - CONTROL NUMBER | |
| control field | WB4005-14 |
| 008 - FIXED-LENGTH DATA ELEMENTS--GENERAL INFORMATION | |
| fixed length control field | 040204n2004 000 0 eng u |
| 035 ## - SYSTEM CONTROL NUMBER | |
| System control number | (Sirsi) u125016 |
| 245 ## - TITLE STATEMENT | |
| Title | Research into higher planning fees |
| 260 ## - PUBLICATION, DISTRIBUTION, ETC. | |
| Date of publication, distribution, etc. | 2004 |
| 490 ## - SERIES STATEMENT | |
| Series statement | Planning (for the Natural and Built Environment) |
| Volume/sequential designation | (1554)30 January 2004, 8(1) |
| 520 ## - SUMMARY, ETC. | |
| Summary, etc. | An ODPM research report reveals that fees received by local planning authorities in England fall short of the cost of processing the applications. The study by Arup Economics and Planning with the Bailey Consultancy, Addison and Associates and Malcolm Grant for the ODPM said that fees should increase from £220 to £660 for every 0.1 hectare. The report can be viewed at http://www.odpm.gov.uk/stellent/groups/odpm_planni ng/documents/page/odpm_plan_026866.pdf |
| 590 ## - LOCAL NOTE (RLIN) | |
| Local note | WB |
| 590 ## - LOCAL NOTE (RLIN) | |
| Local note | WB |
| 650 ## - SUBJECT ADDED ENTRY--TOPICAL TERM | |
| Topical term or geographic name entry element | PLANNING FEES |
| 650 ## - SUBJECT ADDED ENTRY--TOPICAL TERM | |
| Topical term or geographic name entry element | PLANNING SYSTEM |
| 690 ## - LOCAL SUBJECT ADDED ENTRY--TOPICAL TERM (OCLC, RLIN) | |
| Topical term or geographic name as entry element | PLANNING |
| 942 ## - ADDED ENTRY ELEMENTS (KOHA) | |
| Suppress in OPAC | 0 |
| Withdrawn status | Lost status | Source of classification or shelving scheme | Damaged status | Not for loan | Home library | Current library | Shelving location | Date acquired | Total Checkouts | Full call number | Barcode | Date last seen | Copy number | Price effective from | Koha item type |
|---|---|---|---|---|---|---|---|---|---|---|---|---|---|---|---|
| Dewey Decimal Classification | London | London | News article | 04/02/2004 | WB4005-14 | 125016-1001 | 06/08/2019 | 1 | 06/08/2019 | News article |